000
00256 a2200109 4500
001
84985
082
_a
658.3 ROB
090
_c
40078
_d
40077
100
_a
Stephen P. Robbins
245
_a
Essentials of Organizational Behavior
250
_a
10th
260
_a
New Delhi
_b
Prentice Hall
_c
2011
999
_c
320058
_d
320058